The paradoxical prime minister: (Record no. 165952)

MARC details
000 -LEADER
fixed length control field 00741nam a22002057a 4500
005 - DATE AND TIME OF LATEST TRANSACTION
control field 20190730172734.0
010 ## - LCCN (DPL NO)
LC control number B-728466
020 ## - INTERNATIONAL STANDARD BOOK NUMBER
International Standard Book Number 9789388292177
Terms of availability 799.00
035 ## - SYSTEM CONTROL NUMBER
System control number B-728466
037 ## - SOURCE OF ACQUISITION
Source of stock number/acquisition RK Books
082 ## - DEWEY DECIMAL CLASSIFICATION NUMBER
Classification number 920
100 ## - MAIN ENTRY--PERSONAL NAME
Personal name Tharoor,Shashi
245 ## - TITLE STATEMENT
Title The paradoxical prime minister:
Remainder of title Narendra Modi and his India /
Statement of responsibility, etc by Shashi Tharoor
260 ## - PUBLICATION, DISTRIBUTION, ETC. (IMPRINT)
Place of publication, distribution, etc New Delhi
Name of publisher, distributor, etc Aleph Book
Date of publication, distribution, etc 2018
270 ## - ADDRESS
Address 7/16, Ansari Road, Daryaganj
City New Delhi
Postal code 110002
300 ## - PHYSICAL DESCRIPTION
Extent 504p.
Dimensions 22cm(Hb)
500 ## - GENERAL NOTE
General note Includes index
942 ## - ADDED ENTRY ELEMENTS (KOHA)
Source of classification or shelving scheme Dewey Decimal Classification
Item type English Books
Classification part 920
Call number suffix MOD
Holdings
Withdrawn status Lost status Not for loan Collection code Home library Current library Date acquired Source of acquisition Cost, normal purchase price Full call number Barcode Copy number Cost, replacement price Koha item type Public note
      Non-fiction Kadipur Kadipur 08/07/2019 RK Books/IN569/2019-20/17.06.2019/09/06.06.2019/28.06.2019 799.00 920 MOD B-728466 1 799.00 English Books Spl. power

© Delhi Public Library
Hit Counter
free hit counter